000 01411nam0a2200349 i 4500
001 RU\NLR\BIBL_A\010730314
005 20260406072004.0
010 _a9785906749819
_94000
021 _aRU
_b2015-14808
_9900
035 _a(NILC)RuMoRGB-007883866
035 _a(NLR Aleph) 010730314
090 _a9861861
_c9861861
100 _a20150416d2015 u y0rusy50 ca
101 1 _arus
_cfre
102 _aRU
105 _ay|||z|||000yy
200 1 _aДеньги и изобилие
_dL'argent et l'adondance
_eвопросы и ответы
_fЛиз Бурбо
_g[пер. с фр. В. Трилиса]
210 _aМосква
_cСофия
_d2015
215 _a121, [2] с.
_d20
225 1 _aСерия Слушай свое тело
_dCollection Écoute ton corps
300 _aАвт. также на фр. яз.: Lise Bourbeau
510 1 _6z45790
_aL'argent et l'adondance
_zfre
606 _aДеньги
_jПопулярные издания
_xСоциально-психологические исследования
_9975665
_3RU\NLR\AUTH\66366636
686 1 _aС550.423я9
700 1 _8rus
_7ca
_aБурбо
_bЛ.
_f1941-
_gЛиз
_3RU\NLR\AUTH\7729312
_912341
790 1 _8fre
_7ba
_aBourbeau
_bL.
_f1941-
_gLise
_3RU\NLR\AUTH\7729314
_912343
801 0 _aRU
_bРГБ
_c20150311
_gRCR
801 1 _aRU
_bРГБ
_c20150311
_2rusmarc
942 _cBOOK
980 _aNBR